000 00302 a2200121 4500
001 63588
082 _a355.00151 PRZ
090 _c37581
_d37581
100 _aPrzemieniecki, J.S
245 _aIntroduction to Mathematical Methods in defence Analysis
_hEnglish
260 _bAIAA
300 _a289p
942 _aCAE NUST
_k355.00151 PRZ
999 _c298661
_d298661